[Event "Dortmund"]
[Site "Dortmund"]
[Date "1992.??.??"]
[Round "6"]
[White "Shirov, Alexei"]
[Black "Anand, Viswanathan"]
[Result "1/2-1/2"]
[WhiteElo "2655"]
[BlackElo "2670"]
[Annotator "Ftacnik,L"]
[PlyCount "56"]
[EventDate "1992.04.16"]
[EventType "tourn"]
[EventRounds "9"]
[EventCountry "GER"]
[EventCategory "17"]
[SourceTitle "CBM 029"]
[Source "ChessBase"]
[SourceDate "1992.08.01"]
[SourceVersion "1"]
[SourceVersionDate "1992.08.01"]
[SourceQuality "1"]

1. d4 d5 2. c4 dxc4 3. e4 Nf6 4. e5 Nd5 5. Bxc4 Nb6 6. Bb3 Nc6 7. Ne2 Bf5 8.
Nbc3 e6 9. O-O Qd7 10. Be3 Rd8 11. Ng3 Bg6 (11... Nxd4 12. Bxd4 Qxd4 13. Qf3
$40) 12. h4 Nxd4 13. Bxd4 (13. h5 $6 Bd3 $1 14. Qxd3 Nf3+ 15. gxf3 Qxd3 $19)
13... Qxd4 14. Qf3 Qxh4 15. Qxb7 Bc5 16. Qc6+ (16. Qxc7 $2 Rc8 17. Qxa7 Qxg3
$19) 16... Nd7 17. Rad1 (17. Nge4 Bb6 18. Rad1 O-O 19. Rxd7 Rxd7 20. Qxd7 Bxe4
$17) 17... Bb6 $1 (17... Qxg3 $2 18. Rxd7 $1 Rxd7 19. Qxc5 Qd3 20. Ba4 $16) 18.
Rxd7 Rxd7 19. Rd1 O-O $1 20. Rxd7 Qxg3 21. Qxb6 $1 Qxc3 $1 22. bxc3 (22. Qxc7
$2 Qe1+ 23. Kh2 Qxf2 $17) 22... cxb6 23. Rxa7 Rc8 24. c4 h5 25. Rd7 (25. Rb7
Bd3 26. Rxb6 Bxc4 $10) 25... Rc5 26. f4 b5 27. cxb5 Rxb5 28. Kf2 Rc5 {Ftacnik,L
} 1/2-1/2

[Event "PCA-Wch Candidates sf1"]
[Site "Linares"]
[Date "1994.??.??"]
[Round "1"]
[White "Kamsky, Gata"]
[Black "Short, Nigel D"]
[Result "1-0"]
[WhiteElo "2695"]
[BlackElo "2665"]
[Annotator "Ftacnik,L"]
[PlyCount "89"]
[EventDate "1994.09.??"]
[EventType "match"]
[EventRounds "7"]
[EventCountry "ESP"]
[SourceTitle "CBM 043"]
[Source "ChessBase"]
[SourceDate "1994.12.01"]
[SourceVersion "1"]
[SourceVersionDate "1994.12.01"]
[SourceQuality "1"]

1. d4 d5 2. c4 dxc4 3. e4 e5 4. Nf3 Bb4+ 5. Nc3 exd4 6. Nxd4 Ne7 7. Bxc4 Nbc6
8. Be3 O-O 9. a3 Bxc3+ 10. bxc3 Na5 11. Be2 b6 (11... Ng6 12. O-O Qe7 13. Qc2
Ne5 14. Rfe1 b6 15. Nf5 Bxf5 16. exf5 Rfe8 17. a4 Rad8 18. h3 Nec4 19. Bf4 $14
{Bareev,E-Ivanchuk,V/Dortmund/1992/}) (11... c5 12. Nb5 b6 $13) (11... f5 $5
12. exf5 Nxf5 $132) 12. O-O Bb7 13. Qc2 Qe8 $6 (13... Ng6 14. f4 $14) (13... c5
14. Nb5 Nc8 15. c4 $16) 14. Rad1 Rd8 15. Bf4 Ng6 (15... c5 16. Nb5 Rxd1 17.
Rxd1 Ng6 18. Bd6 $16) 16. Bxc7 Bxe4 17. Qb2 Rxd4 $6 (17... Rd7 18. Bb5 Nc6 19.
Bg3 a6 $1 (19... Qa8 20. f3 a6 21. fxe4 axb5 22. Nxb5 $16) 20. Bxc6 (20. Bxa6
Bxg2 21. Rfe1 Qa8 $132) 20... Bxc6 21. Qxb6 $16 (21. Nxc6 Rxd1 22. Rxd1 Qxc6
23. Rd6 Qa4 24. h3 f5 $132)) (17... Rc8 18. Bd6 Ne7 19. Rfe1 $16) 18. cxd4 Bxg2
(18... Qc6 19. Rc1) 19. Kxg2 (19. Rfe1 Bb7 $132) 19... Qc6+ 20. d5 Qxc7 21. d6
Qb7+ (21... Nf4+ 22. Kg1 (22. Kf3 $6 Qd8 23. Kxf4 Qh4+ 24. Ke3 Re8+ 25. Kd2
Rxe2+ 26. Kxe2 Qe4+ 27. Kd2 Nc4+ 28. Kc3 Nxb2 29. Kxb2 $13) 22... Qc6 23. f3)
22. f3 Rd8 23. Kh1 Nf8 24. Rg1 g6 (24... Ne6 25. Rxg7+ $1 Nxg7 26. Qf6 Nc6 27.
Rg1 $18) 25. Rg5 Qb8 26. Qf6 Nd7 (26... Nb7 27. Bc4 Rd7 28. Re5 $18) 27. Qf4
Nc5 28. Rgd5 a6 (28... Nab7 29. Bc4 {xf7}) 29. Bf1 Nab7 30. Bh3 Re8 31. Re5 (
31. d7 $4 Re1+ $1 32. Rxe1 Qxf4 $19) 31... Rf8 32. Re7 Nd8 33. Qf6 Nc6 34. Re3
(34. Rc7 Qd8 35. Qb2 Qh4 36. Qxb6 (36. Bf1 Qf4 $132) 36... Qxh3 37. Qxc6 Nd3
38. d7 Nf2+ 39. Kg1 Nxd1 40. Qd6 Qh4 41. Qxd1 $16) 34... Qd8 35. Qxd8 Rxd8 36.
d7 Kf8 37. Rd6 Na5 (37... Nb8 $2 38. Re8+ $1 Rxe8 39. d8=Q $18) 38. Rxb6 Nxd7 (
38... Nc4 39. Re8+ Rxe8 40. dxe8=Q+ Kxe8 41. Rc6 $18) 39. Rxa6 Nc4 40. Rd3 f5 (
40... Nce5 41. Rd5 $18) 41. f4 Ke7 42. Rc6 Ncb6 43. Bg2 Rb8 44. Rc7 Kd8 45.
Rcxd7+ $1 (45. Rcxd7+ Nxd7 46. Bc6 $18) 1-0

[Event "St Petersburg-ch"]
[Site "St Petersburg"]
[Date "1996.??.??"]
[Round "9"]
[White "Epishin, Vladimir"]
[Black "Lugovoi, Aleksei"]
[Result "1-0"]
[WhiteElo "2620"]
[BlackElo "2500"]
[Annotator "Ftacnik,L"]
[PlyCount "75"]
[EventDate "1996.04.??"]
[EventType "tourn"]
[EventRounds "13"]
[EventCountry "RUS"]
[EventCategory "11"]
[SourceTitle "CBM 056"]
[Source "ChessBase"]
[SourceDate "1997.02.01"]
[SourceVersion "1"]
[SourceVersionDate "1997.02.01"]
[SourceQuality "1"]

1. d4 d5 2. c4 dxc4 3. e4 Nc6 4. Be3 Nf6 5. Nc3 e5 6. d5 Na5 7. Nf3 (7. Qa4+ c6
8. dxc6 (8. b4 $2 cxb3 9. axb3 b5 10. Qa2 Bb4 11. Bd2 O-O $17) 8... Nxc6 9.
Bxc4 Bb4 10. Nf3 O-O 11. O-O Bxc3 12. bxc3 Nxe4 13. Bxf7+ Rxf7 14. Qxe4 Bf5 $10
{Vyzmanavin,A-Sadler,M/Paris rap/1994/}) 7... a6 (7... Bd6 8. Qa4+ (8. Nd2 Ng4
(8... O-O 9. Nxc4 Nxc4 10. Bxc4 Ng4 11. Qd2 $8 Nxe3 12. Qxe3 a6 13. O-O Bd7 14.
Rac1 Qe7 $15 {Candela-Baltar, Madrid 95.}) 9. Qf3 (9. Qa4+ c6 $1 10. dxc6 Nxc6)
(9. Qa4+ $16) 9... Qh4 10. g3 Qe7 11. Nxc4 Nxc4 12. Bxc4 O-O 13. O-O-O Nxe3 14.
fxe3 a6 15. g4 b5 16. Bd3 Rb8 17. Ne2 c5 18. dxc6 {Harovelo,I-Bacrot,E/FRA-chT
;EXP 55 1996/0-1 (39)}) 8... Bd7 (8... c6 9. dxc6 Nxc6 10. Bxc4 O-O 11. Rd1 $16
) 9. Qxa5 a6 10. Bxc4 (10. b4 $1 {I cannot see the refutation of this simple
defensive idea, white's Q wins a chance for a decent retreat.} b6 11. Qa3 a5
12. Qc1 axb4 13. Ne2 Nxe4 14. Qxc4 f5 15. Ng3 $16) 10... b6 11. Qxa6 Rxa6 12.
Bxa6 O-O 13. O-O Ng4 14. Bd2 f5 15. exf5 Bxf5 16. h3 Nf6 17. Rfe1 Qe8 18. Bf1 {
Karpov,An-Lautier,J/Monaco rapid (05) ;EXP 52 1996/1/2-1/2 (57)}) (7... Ng4 8.
Bg5 f6 9. Bh4 Qd7 $1 {/\ b5 ץh4} 10. Nd2 b5 11. a4 a6 12. axb5 axb5 13. Be2
Bb4 {Beliavsky-Miles, Groningen 94. Black seems to be o'kay now, but the whole
variation looks suspicious.} (13... Bb4 $1 14. h3 Nh6 15. Bh5+ Nf7 16. Bg4 Qe7
17. Nxb5 Bxg4 18. hxg4 O-O 19. Nc3 Nb3 {1/2-1/2 Beliavsky,A-Miles,A/Groningen/
1994/})) 8. Nxe5 (8. Qa4+ $2 Bd7 9. Qxa5 b6 $19) 8... b5 9. Qd4 Bb4 10. Be2 O-O
(10... c5 11. dxc6 Qxd4 12. Bxd4 Nxe4 13. O-O (13. O-O-O Nxc3 14. bxc3 Ba3+ 15.
Kd2 f6 16. Bb6 fxe5 17. Bxa5 $16) 13... Nxc3 14. bxc3 Bd6 15. Bf3 $16) 11. O-O
(11. O-O-O Qe7 12. f4 Rd8 13. Bf3 c6 14. g4 $13) 11... Qe7 (11... Bb7 12. Ng4
$1 Nxg4 13. Bxg4 Qe7 14. Rad1 Rad8 15. Bf4 Rfe8 $6 (15... Nc6 $142 $5 16. Qe3
Ne5 17. Be2 (17. Bxe5 Qxe5 18. Kh1 Qe7) 17... Rfe8 $14) 16. Qe3 Bd6 17. Bxd6
Qxd6 18. Rfe1 Qe7 19. h3 g6 20. Qg3 Kg7 21. Ne2 {Kamsky,G-Salov,V (05)/Sanghi
Nagar FIDE sf2 ;CBM 45 1995/1-0 (54)}) (11... c5 12. dxc6 Bxc3 13. bxc3 Qxd4
14. Bxd4 Nxe4 15. f3 Nd6 16. Bc5 $18) 12. Nf3 c5 13. Qe5 $1 (13. dxc6 Nxc6 14.
Qb6 Bxc3 15. bxc3 Qxe4 16. Ng5 Qe8 17. Bf3 $44) 13... Qxe5 14. Nxe5 Bxc3 (14...
Bb7 15. Bf3 Rfe8 16. Bf4 $16) 15. bxc3 Nxe4 (15... Re8 $5 16. f4 Nxe4 17. Bf3
Nxc3 18. Bxc5 (18. Bd2 b4 19. Bxc3 bxc3 20. Rac1 f6 21. d6 Bb7 22. Bxb7 Nxb7
23. Nxc4 Rad8 $15) 18... f6 19. Bb4 (19. d6 Bb7 20. d7 Red8 21. Bb6 fxe5 22.
Bxa5 Bxf3 23. Rxf3 Ne2+ 24. Kf1 Nxf4 $15) 19... fxe5 20. Bxc3 e4 21. Bxa5 exf3
22. Rxf3 $13) 16. Bf3 f5 $6 (16... Re8 $5 17. Bxe4 Rxe5 18. Bf3 Bb7 19. Rad1
Rc8 $13) 17. Bxe4 fxe4 18. Bxc5 Re8 (18... Rf5 19. f4 exf3 20. Rxf3 Rxf3 21.
Nxf3 $16) 19. f4 exf3 20. Nxf3 Nb7 (20... Bb7 $4 21. Bb6 $18) 21. Ba3 {The Ba3
and Pd5 cooperate very well, but black is not without resources. Der Ba3 und
Pd5 sind gut koordiniert, aber Schwarz ist auch nicht ohne Resourcen.} Bg4 (
21... Bd7 22. Rae1 $16) 22. Nd4 Bd7 $2 (22... Re3 $5 23. Rac1 (23. h3 Bh5 24.
Rac1 Rae8 $14) 23... Rd8 24. Nc6 Rde8 $13) 23. Rf3 $1 a5 24. Raf1 b4 (24...
Rad8 25. Nc6 Bxc6 26. dxc6 b4 27. cxb4 Nd6 28. bxa5 $18) (24... h6 25. Rf7 $18)
25. cxb4 Nd6 (25... axb4 26. Bxb4 Rxa2 $2 27. Rf8+ Rxf8 28. Rxf8#) 26. bxa5 Ne4
(26... Nb5 27. Nxb5 Bxb5 28. Bb4 c3 29. Rc1 Bc4 30. d6 $18) 27. Bb4 {Black has
won some counterplay, but at too high a prize. Schwarz hat etwas Gegenspiel
bekommen, mußte dafür aber einen zu hohen Preis zahlen.} Nf6 28. d6 Re4 29. Nf5
Re2 (29... Bxf5 30. Rxf5 Re2 31. Rc1 $18) 30. Ne7+ Kf7 31. Bc3 Re6 (31... Rxa2
32. Bxf6 gxf6 33. Rxf6+ Kg7 34. Rf7+ Kh8 35. R1f6 R2xa5 36. Rh6 $18) 32. Nf5
Bc6 33. Rg3 (33. Nxg7 $6 Bxf3 34. Nxe6 Kxe6 35. Rxf3 Nd5 $16) 33... g5 (33...
g6 34. Nd4 Rxd6 35. Nxc6 Rxc6 36. Rgf3 $18) 34. Nd4 Rxd6 35. Nxc6 Rxc6 36. Rxg5
(36. Rgf3 Raa6 37. Rxf6+ Rxf6 38. Rxf6+ Rxf6 39. Bxf6 Kxf6 40. Kf2) 36... Raa6
37. Rgf5 Kg6 38. Rxf6+ 1-0

[Event "URS-sf Russia-ch"]
[Site "Gorky"]
[Date "1989.??.??"]
[Round "?"]
[White "Vyzmanavin, Alexey"]
[Black "Baburin, Alexander"]
[Result "1-0"]
[WhiteElo "2555"]
[BlackElo "2415"]
[Annotator "Ftacnik,L"]
[PlyCount "64"]
[EventDate "1989.11.??"]
[EventType "tourn"]
[EventRounds "13"]
[EventCountry "URS"]
[EventCategory "7"]
[SourceTitle "CBM 016"]
[Source "ChessBase"]
[SourceDate "1990.06.01"]
[SourceVersion "1"]
[SourceVersionDate "1990.06.01"]
[SourceQuality "1"]

1. d4 d5 2. c4 dxc4 3. e4 Nc6 4. Be3 Nf6 5. Nc3 Ng4 6. Bxc4 e5 7. Qb3 Qd7 8.
O-O-O $1 {N} (8. Bb5 exd4 9. O-O-O a6 10. Bxc6 Qxc6 11. Bxd4 Qh6+ 12. Kb1 c5
13. Nd5 Bd6 14. Be3 Nxe3 15. Qxe3 Qxe3 16. Nxe3 Be7 17. Nd5 Bd8 18. Nf3 f6 $14
{Gruenberg,HU-Adamski,J/Leipzig/1988/1/4-1/4/25/ -> CBM 07}) 8... exd4 9. Nf3
Bc5 (9... Na5 10. Qb5 Nxe3 $2 (10... Qxb5 11. Bxb5+ c6 12. Bxd4 cxb5 13. Nxb5
$18) 11. Bxf7+ $1 $18) (9... Nxe3 $5 10. fxe3 Na5 $13 {Baburin}) 10. Qb5 Bd6
11. Bxd4 O-O (11... Nxd4 12. Rxd4 Qxb5 13. Bxb5+ Ke7 14. e5 $40) 12. h3 $1 Nxd4
13. Qxd7 Bxd7 14. Rxd4 Nxf2 15. Rf1 Be6 16. Bxe6 fxe6 17. Rxf2 Bc5 18. Rfd2
Bxd4 19. Nxd4 $16 Rad8 20. Nxe6 Rxd2 21. Kxd2 Rf2+ 22. Ke3 Rxb2 23. Nxc7 Rxg2
24. e5 Rg3+ 25. Kd4 Rxh3 26. e6 Rh4+ 27. Ke5 Rh5+ 28. Kf4 Rh4+ 29. Kg5 Rh1 30.
e7 Re1 31. e8=Q+ Rxe8 32. Nxe8 a6 {Ftacnik} 1-0

[Event "Elenite"]
[Site "Elenite"]
[Date "1994.??.??"]
[Round "8"]
[White "Vyzmanavin, Alexey"]
[Black "Greenfeld, Alon"]
[Result "1/2-1/2"]
[WhiteElo "2610"]
[BlackElo "2600"]
[Annotator "Ftacnik,L"]
[PlyCount "52"]
[EventDate "1994.??.??"]
[EventType "tourn"]
[EventRounds "9"]
[EventCountry "BUL"]
[EventCategory "15"]
[SourceTitle "CBM 044"]
[Source "ChessBase"]
[SourceDate "1995.02.01"]
[SourceVersion "1"]
[SourceVersionDate "1995.02.01"]
[SourceQuality "1"]

1. d4 d5 2. c4 dxc4 3. e4 Nf6 4. e5 Nd5 5. Bxc4 Nb6 6. Bb3 Nc6 7. Ne2 Bf5 8.
Nbc3 e6 9. a3 Qd7 10. O-O Be7 11. Be3 O-O-O $5 (11... Na5 12. Bc2 Bxc2 13. Qxc2
Nac4 14. Rad1 $14) 12. Rc1 (12. Ba2) 12... Na5 (12... Kb8 $5) 13. Ba2 (13. Bc2
Bg6 $1 $13) 13... Nac4 14. Ng3 Bg6 15. Qe2 Nxe3 16. fxe3 Kb8 17. Rfd1 (17. Nce4
h5 $1) (17. Nge4 Nd5 $1 18. b4 Nxc3 19. Nxc3 f6 $10) (17. Bb1 $5) 17... Nd5 18.
e4 $6 (18. Nge4 Nxc3 19. Nxc3 $10) 18... Nxc3 19. bxc3 (19. Rxc3 c6 {xd4})
19... h5 $1 20. Nf1 (20. Nh1 $5 Bxa3 21. Rb1 Be7 22. Nf2 $13) 20... Qc6 21. Re1
Bh4 (21... Bxa3 22. Rc2 Be7 23. Bc4 Bxe4 24. Bb5 Qb6 25. Rb2 Bd5 26. Ba6 Qa5
27. Rxb7+ $1 Bxb7 28. Rb1 $40) 22. g3 Bg5 23. Rc2 h4 24. g4 f6 (24... h3 25.
Bc4 $1) 25. exf6 gxf6 26. h3 a6 $6 (26... e5 $142 $1 27. Bd5 (27. d5 Qc5+ 28.
Kg2 Qxa3 $17) 27... Rxd5 (27... Qd6 28. Rb2 c6 29. Qa6 $1) (27... Qd7 28. dxe5
fxe5 29. Rb2 c6 30. Reb1 $40) 28. exd5 Qxd5 29. Qg2 $1 Qc4 30. Nd2 Bxd2 31.
Rxd2 Qxc3 $17) 1/2-1/2

[Event "Novgorod"]
[Site "Novgorod"]
[Date "1994.??.??"]
[Round "9"]
[White "Kasparov, Garry"]
[Black "Short, Nigel D"]
[Result "1/2-1/2"]
[WhiteElo "2805"]
[BlackElo "2665"]
[Annotator "Ftacnik,L"]
[PlyCount "88"]
[EventDate "1994.08.??"]
[EventType "tourn"]
[EventRounds "10"]
[EventCountry "RUS"]
[EventCategory "19"]
[SourceTitle "CBM 043"]
[Source "ChessBase"]
[SourceDate "1994.12.01"]
[SourceVersion "1"]
[SourceVersionDate "1994.12.01"]
[SourceQuality "1"]

1. d4 d5 2. c4 dxc4 3. e4 e5 4. Nf3 Bb4+ 5. Bd2 Bxd2+ 6. Nbxd2 exd4 7. Bxc4 Nc6
8. O-O Qf6 9. b4 a6 10. e5 Qg6 11. Nb3 Nge7 12. Nbxd4 (12. Re1 $5) 12... Bh3 $1
13. Nh4 Qg4 14. Qxg4 Bxg4 15. h3 Nxe5 $2 (15... Nxd4 16. hxg4 g5 $1 17. Rfd1 (
17. Nf3 Nxf3+ 18. gxf3 Ng6 19. Rfe1 Ke7 $17) 17... Nec6 18. Nf5 Nxf5 19. gxf5
Nxe5 $17) 16. hxg4 Nxc4 17. Rfc1 b5 18. a4 $36 Kd7 $8 19. axb5 axb5 20. Rxa8
Rxa8 21. Nxb5 c6 (21... Rb8 22. Nxc7 Rxb4 23. Na6 Ra4 24. Nc5+ $18) 22. Rxc4
cxb5 23. Rc5 Rb8 24. Nf3 Nc6 25. Ne5+ Nxe5 26. Rxe5 Kc6 27. g5 $14 Rd8 28. Rc5+
Kb6 29. Rf5 Rd7 30. f4 Kc6 31. Rc5+ Kb6 32. Rf5 Kc6 33. Kf2 g6 34. Rc5+ Kb6 35.
Ke3 Rd6 $2 (35... Rd1 $142 $1 $132) 36. g4 $2 (36. Rc8 $1 f6 37. gxf6 Rxf6 38.
g4 $16) 36... Rd1 $1 37. Rc8 Rb1 38. Rf8 Rxb4 39. Rxf7 Rc4 40. Rxh7 b4 41. Rh1
b3 42. Rf1 b2 43. Rb1 Rb4 44. f5 Kc7 (44... Kc7 45. fxg6 (45. f6 Kd6 46. Kd3
Rxg4 47. Rxb2 Rxg5 $10) 45... Rxg4 46. Rxb2 Rxg5 $10) 1/2-1/2

[Event "USA-ch"]
[Site "USA"]
[Date "1989.??.??"]
[Round "5"]
[White "Alburt, Lev O"]
[Black "Rachels, Stuart"]
[Result "1/2-1/2"]
[WhiteElo "2530"]
[BlackElo "2385"]
[Annotator "Ftacnik,L"]
[PlyCount "49"]
[EventDate "1989.11.??"]
[EventType "tourn"]
[EventRounds "15"]
[EventCountry "USA"]
[EventCategory "12"]
[SourceTitle "CBM 019"]
[Source "ChessBase"]
[SourceDate "1990.12.01"]
[SourceVersion "1"]
[SourceVersionDate "1990.12.01"]
[SourceQuality "1"]

1. d4 d5 2. c4 dxc4 3. e4 e5 4. Nf3 Bb4+ 5. Nc3 exd4 6. Nxd4 (6. Qxd4 Qxd4 7.
Nxd4) 6... Ne7 {N} (6... Qe7 7. Bxc4 Nf6 8. O-O O-O 9. Bg5 Bxc3 10. Bxf6 Qxf6
11. bxc3 Nc6 $10 {Alburt,L-Zaltsman/New York/1983/}) 7. Bxc4 Nbc6 8. Ndb5 (8.
Be3 $5 O-O 9. O-O) 8... Qxd1+ 9. Kxd1 Bg4+ $1 10. f3 (10. Kc2 Ba5) 10... O-O-O+
11. Ke2 Be6 (11... Bh5 12. Bf4) 12. Bxe6+ fxe6 13. Be3 a6 14. Na3 Nd4+ (14...
Bxa3 15. bxa3 Nd4+ 16. Kf2 Nc2 17. Rac1 Nxe3 (17... Nxa3 $2 18. Bc5 $18) 18.
Kxe3) 15. Bxd4 (15. Kf2 $5) 15... Rxd4 16. Nc2 Bxc3 17. bxc3 Rc4 $10 18. Kd3
Rc5 19. Ne3 Nc6 20. Rac1 Ne5+ 21. Kc2 Ra5 22. Kb1 Rb5+ 23. Kc2 Ra5 24. Kb1 Rb5+
25. Kc2 {Ftacnik,L} 1/2-1/2

[Event "USA-ch"]
[Site "USA"]
[Date "1989.??.??"]
[Round "3"]
[White "Gurevich, Dmitry"]
[Black "Dzindzichashvili, Roman"]
[Result "1/2-1/2"]
[WhiteElo "2490"]
[BlackElo "2545"]
[Annotator "Ftacnik,L"]
[PlyCount "66"]
[EventDate "1989.11.??"]
[EventType "tourn"]
[EventRounds "15"]
[EventCountry "USA"]
[EventCategory "12"]
[SourceTitle "CBM 019"]
[Source "ChessBase"]
[SourceDate "1990.12.01"]
[SourceVersion "1"]
[SourceVersionDate "1990.12.01"]
[SourceQuality "1"]

1. d4 d5 2. c4 dxc4 3. e4 Nc6 4. Nf3 Bg4 5. Be3 Bxf3 6. gxf3 e5 7. d5 Nce7 8.
Qa4+ (8. f4 exf4 9. Bxf4 Ng6) 8... c6 (8... Qd7 9. Qxd7+ Kxd7 10. Bh3+ Ke8 11.
Nc3 $16) 9. Nc3 b5 10. Qa6 Qc8 (10... b4 11. Na4 cxd5 12. exd5 {/\ Bxc4->}) 11.
Qxc8+ Rxc8 12. dxc6 (12. d6 Ng6 13. d7+ Kxd7 14. Bh3+ Kc7 15. Bxc8 Kxc8 16.
Bxa7 Nf4 $44) 12... Nxc6 (12... a6 13. a4 b4 14. Nd5 $16) 13. Nxb5 Bb4+ 14. Ke2
Nge7 15. Bh3 $1 f5 16. Nxa7 (16. exf5 $5 Rd8 17. Nc7+ Kf7 18. Ne6 $16) 16...
Nxa7 17. Bxa7 Nc6 18. Be3 $2 (18. Bxf5 $1 Nxa7 19. Bxc8 Nxc8 20. Rhc1 Nd6 (
20... Nb6 21. b3 cxb3 22. Rab1 Ba3 23. Rd1 $18) 21. f4 $1 $18 {Dzindzichasvili}
) 18... Nd4+ 19. Kf1 (19. Bxd4 exd4 20. Bxf5 d3+ $132) 19... O-O 20. Bxf5 Nxf5
21. exf5 c3 22. bxc3 Bxc3 23. Rc1 Bd4 24. Ke2 Ra8 25. Rc2 Rxf5 $14 26. Rg1 Rf7
27. Rgc1 Rff8 28. Rb1 Ra7 29. Bc1 h6 30. a3 Rf5 31. f4 Rh5 32. Rb3 Rxh2 33. Kf1
exf4 {Ftacnik,L} 1/2-1/2

[Event "Olympiad-31"]
[Site "Moscow"]
[Date "1994.12.09"]
[Round "8.2"]
[White "Greenfeld, Alon"]
[Black "Adams, Michael"]
[Result "0-1"]
[WhiteElo "2600"]
[BlackElo "2640"]
[Annotator "Ftacnik,L"]
[PlyCount "64"]
[EventDate "1994.12.01"]
[EventType "team-swiss"]
[EventRounds "14"]
[EventCountry "RUS"]
[SourceTitle "CBM 045"]
[Source "ChessBase"]
[SourceDate "1995.04.01"]
[SourceVersion "1"]
[SourceVersionDate "1995.04.01"]
[SourceQuality "1"]
[WhiteTeam "Israel"]
[BlackTeam "England"]
[WhiteTeamCountry "ISR"]
[BlackTeamCountry "ENG"]

1. d4 d5 2. c4 dxc4 3. e4 Nf6 4. e5 Nd5 5. Bxc4 Nb6 6. Bd3 Nc6 7. Be3 Nb4 8.
Be4 f5 9. exf6 exf6 10. a3 (10. Nc3 f5 11. Bf3 N4d5 12. Bd2 Be6 13. Nge2 Qd7
14. O-O O-O-O {Karpov,An-Short,N/Linares (m/3)/1992/0.5 (94)}) 10... f5 $1 (
10... N4d5 $6 11. Qh5+ $1 Ke7 12. Nf3 Be6 $14) 11. axb4 Bxb4+ 12. Nc3 fxe4 13.
Qh5+ Kf8 (13... g6 $2 14. Qb5+) 14. Nge2 Qe8 15. Qh4 Kg8 $1 (15... Bf5 16. O-O
Bxc3 $2 17. Nxc3 Nc4 18. Qf4 Nd6 19. Ra5 $16 {Tregubov-Stajcic/Harkany op/1992/
}) 16. O-O Bf5 17. Ng3 Bg6 18. Ngxe4 h6 19. Nc5 $6 (19. f3 $5 Nc4 20. Nd5 Qd8
$13) 19... Qf7 20. Nxb7 Kh7 21. Nc5 (21. Ne4 Be7 $44) 21... Rhe8 22. Rad1 $6
Bxc3 23. bxc3 a5 $1 24. Bc1 (24. Ra1 a4 25. Bc1 Qc4 $17) 24... a4 25. Ba3 Nc4
26. Ra1 Nd2 $1 27. Rfe1 Nb3 28. Rad1 (28. Nxb3 axb3 29. Rxe8 Qxe8 30. h3 Rxa3
31. Rxa3 b2 $19) 28... Bc2 29. Rxe8 Rxe8 30. Rf1 Nd2 31. Rc1 (31. Ra1 Qa2 $1
32. Rxa2 Re1#) 31... Qa2 32. Qf4 Nb3 (32... Nb3 33. Nxb3 axb3 $19) 0-1

[Event "Parnu-B"]
[Site "Parnu"]
[Date "1996.02.06"]
[Round "5"]
[White "Epishin, Vladimir"]
[Black "Westerinen, Heikki MJ"]
[Result "1-0"]
[WhiteElo "2645"]
[BlackElo "2410"]
[Annotator "Ftacnik,L"]
[PlyCount "77"]
[EventDate "1996.02.??"]
[EventType "tourn"]
[EventRounds "9"]
[EventCountry "EST"]
[EventCategory "10"]
[SourceTitle "CBM 052"]
[Source "ChessBase"]
[SourceDate "1996.06.01"]
[SourceVersion "1"]
[SourceVersionDate "1996.06.01"]
[SourceQuality "1"]

1. d4 d5 2. c4 dxc4 3. e4 e5 4. Nf3 exd4 5. Bxc4 Bb4+ 6. Bd2 Bxd2+ 7. Nbxd2 Nh6
8. O-O O-O 9. Nb3 Nc6 10. Nbxd4 Nxd4 11. Qxd4 Qxd4 12. Nxd4 Ng4 13. Nb5 Bd7 14.
Nxc7 Rac8 {[#]} 15. Rac1 $1 Rxc7 16. Bxf7+ Rxf7 (16... Kxf7 17. Rxc7 Ke6 18.
Rxb7 $16) 17. Rxc7 Bc6 18. Rc8+ Rf8 19. Rxf8+ Kxf8 20. Rd1 Ke7 (20... Bxe4 $2
21. f3 Ne3 22. Re1 Bxf3 23. gxf3 $18) 21. f3 Ne5 22. Kf2 $16 Nc4 23. b3 Na3 24.
Rc1 Kd6 25. Ke3 Bd7 26. f4 Bc6 27. g4 a5 28. h4 a4 29. bxa4 Bxa4 30. e5+ Kd7
31. Rc3 Nb1 32. Rd3+ Ke7 33. f5 Bc2 34. Rd4 Na3 35. Kf4 b5 36. e6 Bb1 37. Rd7+
Ke8 38. Rxg7 Bxa2 39. Rxh7 1-0